| 000 -LEADER |
| fixed length control field |
00866nam a2200229Ia 4500 |
| 001 - CONTROL NUMBER |
| control field |
12678 |
| 003 - CONTROL NUMBER IDENTIFIER |
| control field |
GE_BSU |
| 008 - FIXED-LENGTH DATA ELEMENTS--GENERAL INFORMATION |
| fixed length control field |
181216s||||||||xx |||||||||||||| ||und|| |
| 040 ## - CATALOGING SOURCE |
| Transcribing agency |
GE_BSU |
| 080 ## - UNIVERSAL DECIMAL CLASSIFICATION NUMBER |
| Universal Decimal Classification number |
632.7 |
| 100 ## - MAIN ENTRY--PERSONAL NAME |
| Personal name |
Волков,А.Н. Герасимов,Б.А. Заринг,П.В. |
| 245 ## - TITLE STATEMENT |
| Title |
Пособие по борьбе с вредителями и болезнями сельскохозяйсвенных культур |
| 245 ## - TITLE STATEMENT |
| Statement of responsibility, etc. |
Под.ред.В.С.Чувахина |
| 250 ## - EDITION STATEMENT |
| Edition statement |
8-ое перераб.и испр. |
| 260 ## - PUBLICATION, DISTRIBUTION, ETC. |
| Place of publication, distribution, etc. |
Москва |
| 260 ## - PUBLICATION, DISTRIBUTION, ETC. |
| Name of publisher, distributor, etc. |
Сельхозиздат |
| 260 ## - PUBLICATION, DISTRIBUTION, ETC. |
| Date of publication, distribution, etc. |
1955 |
| 300 ## - PHYSICAL DESCRIPTION |
| Extent |
686стр.20см. |
| 300 ## - PHYSICAL DESCRIPTION |
| Accompanying material |
Приложение с.674 |
| 653 ## - INDEX TERM--UNCONTROLLED |
| Uncontrolled term |
Пособие по борьбе с вредителями и болезнями сельскохозяйсвенных культур |
| 942 ## - ADDED ENTRY ELEMENTS (KOHA) |
| Koha item type |
წიგნი |